| 000 | 00549nam a2200145Ia 4500 | ||
|---|---|---|---|
| 008 | 250506s9999 xx 000 0 und d | ||
| 024 | _a14B-011-EL, 14B-014-EL, 14B-015-EL & 14B-016-EL | ||
| 082 | _a621.38156 FAI | ||
| 100 | _aFaizan Razaque, Talha Waseem, Abeer Sher Khan and Hunain Iqbal | ||
| 245 | 0 | _aTrash Energy | |
| 260 |
_aKarachi: _bUIT, _c2014 |
||
| 600 | _aPower Engineering | ||
| 650 | _aBachelor of Engineering (BE) | ||
| 856 |
_uhttps://drive.google.com/file/d/1poJkH7H9SY4pSlQqfmelICze0jLmBElc/view?usp=sharing _yClick here for PDF |
||
| 999 |
_c28184 _d28184 |
||